| 000 | 01148cab a2200229 4500 | ||
|---|---|---|---|
| 001 | WB4034-09 | ||
| 008 | 040909n2004 000 0 eng u | ||
| 035 | _a(Sirsi) u127302 | ||
| 245 | _aPlans for biodiversity and geological conservation | ||
| 260 | _c2004 | ||
| 490 |
_aODPM News Release _v(2004/0210) 8 September 2004 (2) |
||
| 520 | _aA new draft PPS9 "Biodiversity and geological conservation" has been launched. The planning policy statement and its accompanying draft circular are open for public consultation until 9 December 2004 and are available at: http://www.odpm.gov.uk/stellent/groups/odpm_planni ng/documents/page/odpm_plan_030964.hcsp. PPS9 sets out how local authorities can use the planning system to protect the natural heritage and deliver sustainable development. http://www.odpm.gov.uk/pns/DisplayPN.cgi?pn_id=200 4_0210 | ||
| 590 | _aWB | ||
| 650 | _aPLANNING PROCEDURE | ||
| 650 | _aSUSTAINABLE DEVELOPMENT | ||
| 650 | _aENVIRONMENTAL MANAGEMENT | ||
| 650 | _aBIODIVERSITY | ||
| 650 | _aCONSERVATION | ||
| 650 | _aPLANNING POLICY STATEMENT NINE | ||
| 690 | _aENVIRONMENTAL AND LAND CONSULTANCY | ||
| 942 | _n0 | ||
| 999 |
_c74532 _d74532 |
||